Tanger bajo la acción protectora de España durante el conflicto mundial : (Record n. 29430)

Dettagli MARC
000 -LEADER
fixed length control field 00843nam a2200205 i 4500
003 - CONTROL NUMBER IDENTIFIER
control field IT-RoINE
005 - DATE AND TIME OF LATEST TRANSACTION
control field 20191031060403.0
008 - FIXED-LENGTH DATA ELEMENTS--GENERAL INFORMATION
fixed length control field 900725s1946 sp ad r o 0 | spa d
040 ## - CATALOGING SOURCE
Original cataloging agency SpMaBN
Language of cataloging spa
Transcribing agency SpMaBN IT-RoINE
Description conventions rdc
Modifying agency IT-RoINE
245 00 - TITLE STATEMENT
Title Tanger bajo la acción protectora de España durante el conflicto mundial :
Remainder of title junio 1940-octubre 1945.
260 ## - PUBLICATION, DISTRIBUTION, ETC. (IMPRINT)
Place of publication, distribution, etc Madrid :
Name of publisher, distributor, etc Ministerio de Asuntos Exteriores,
Date of publication, distribution, etc 1946.
300 ## - PHYSICAL DESCRIPTION
Extent 98 p., 35 h. de gráf., [1] h. pleg. :
Other physical details il. col. ;
Dimensions 22 cm,.
336 ## - CONTENT TYPE
Source rdacontent
Content type term text
337 ## - MEDIA TYPE
Source rdamedia
Media type term unmediated
338 ## - CARRIER TYPE
Source rdacarrier
Carrier type term volume
651 #4 - SUBJECT ADDED ENTRY--GEOGRAPHIC NAME
Geographic name Marruecos
General subdivision Historia
Chronological subdivision 1912-1956 (Protectorado español)
9 (RLIN) 19644
651 #4 - SUBJECT ADDED ENTRY--GEOGRAPHIC NAME
Geographic name Tánger (Marruecos)
General subdivision Administración
Chronological subdivision 1912-1956 (Protectorado español)
9 (RLIN) 57693
710 1# - ADDED ENTRY--CORPORATE NAME
9 (RLIN) 57694
Corporate name or jurisdiction name as entry element España.
Subordinate unit Ministerio de Asuntos Exteriores
942 ## - ADDED ENTRY ELEMENTS (KOHA)
Item type Monografías
Dati di copia
Withdrawn status Lost status Damaged status Not for loan Home library Current library Date acquired Total Checkouts Full call number Barcode Date last seen Price effective from Koha item type
        Iglesia Nacional Española en Roma Iglesia Nacional Española en Roma 06/03/2019   HIS.ESP.4. 1578 55335 06/03/2019 06/03/2019 Monografías